Remote sensing analysis of environmental resources for planning and development / (Record no. 15315)

MARC details
000 -LEADER
fixed length control field 01466nam a22003137a 4500
005 - DATE AND TIME OF LATEST TRANSACTION
control field 2008090307237.0
008 - FIXED-LENGTH DATA ELEMENTS--GENERAL INFORMATION
fixed length control field 080903t xxu||||| |||| 00| 0 eng d
010 ## - LCCN (DPL NO)
LC control number ENG-90907
020 ## - INTERNATIONAL STANDARD BOOK NUMBER
International Standard Book Number 8170248086
Terms of availability 995.00
035 ## - SYSTEM CONTROL NUMBER
System control number EN-74440
037 ## - SOURCE OF ACQUISITION
Source of stock number/acquisition DBAD / PUB
040 ## - CATALOGING SOURCE
Original cataloging agency DPL
Language of cataloging English
082 ## - DEWEY DECIMAL CLASSIFICATION NUMBER
Classification number 621.3678095413
100 ## - MAIN ENTRY--PERSONAL NAME
Personal name Porwal, M.C.
245 ## - TITLE STATEMENT
Title Remote sensing analysis of environmental resources for planning and development /
Statement of responsibility, etc by M.C. Porwal
260 ## - PUBLICATION, DISTRIBUTION, ETC. (IMPRINT)
Place of publication, distribution, etc New Delhi
Name of publisher, distributor, etc APH Publishing House
Date of publication, distribution, etc 2009
270 ## - ADDRESS
Address 4435-36/7, Ansari Raod, Darya Ganj,
City New Delhi
Postal code 110002
Telephone number 23274050
300 ## - PHYSICAL DESCRIPTION
Extent xxi, 302p.:
Dimensions 23 cm (Hb)
Other physical details b&w photos : maps
500 ## - GENERAL NOTE
General note Includes bibliographical references and index
650 ## - SUBJECT ADDED ENTRY--TOPICAL TERM
Topical term or geographic name as entry element Remote sensing
Geographic subdivision India
-- Siwalik Bhabar Region.
650 ## - SUBJECT ADDED ENTRY--TOPICAL TERM
Topical term or geographic name as entry element Environmental monitoring
Geographic subdivision India
-- Siwalik Bhabar Region.
650 ## - SUBJECT ADDED ENTRY--TOPICAL TERM
Topical term or geographic name as entry element Environmental mapping
Geographic subdivision India
-- Siwalik Bhabar Region.
650 ## - SUBJECT ADDED ENTRY--TOPICAL TERM
Topical term or geographic name as entry element Environmental protection
General subdivision Maps
Geographic subdivision India
-- Siwalik Bhabar Region.
650 ## - SUBJECT ADDED ENTRY--TOPICAL TERM
Topical term or geographic name as entry element Natural resources surveys
Geographic subdivision India
-- Siwalik Bhabar Region.
650 ## - SUBJECT ADDED ENTRY--TOPICAL TERM
Topical term or geographic name as entry element Regional planning
Geographic subdivision India
-- Siwalik Bhabar Region.
650 ## - SUBJECT ADDED ENTRY--TOPICAL TERM
Topical term or geographic name as entry element Sustainable development
Geographic subdivision India
-- Siwalik Bhabar Region.
942 ## - ADDED ENTRY ELEMENTS (KOHA)
Source of classification or shelving scheme Dewey Decimal Classification
Item type English Books
Call number suffix POR
Classification part 621.3678095413
Holdings
Withdrawn status Lost status Source of classification or shelving scheme Damaged status Not for loan Collection code Home library Current library Date acquired Source of acquisition Cost, normal purchase price Total Checkouts Full call number Barcode Date last seen Copy number Cost, replacement price Koha item type
    Dewey Decimal Classification   Not For Loan Non-fiction D.B.Act.Division D.B.Act.Division 04/09/2008 DBAD / PUB 995.00   621.3678095413 POR EN-74440 15/09/2008 1 995.00 English Books

© Delhi Public Library
Hit Counter
free hit counter